000 00493nam a2200169Ia 4500
999 _c58638
_d58635
082 _aR/5BS(CS)02
100 _aBinish Soomro
100 _aRoll No. 02BS(CS)04
100 _aSupervisor - Engr. Umair Ali Khan
245 0 _aGlobal Positioning System (GPS).
260 _aNawabshah
_bQUEST
_c2006
300 _a75p
700 _aIrfana Shaikh (Roll No. 02BS(CS)08)
700 _aKashifa Soomro (Roll No. 02BS(CS)02)
700 _aBenazir Bhatti (Roll No. 02BS(CS)25)
942 _cTHESIS